00601nam a22002057a 450000500170000001000130001702000220003003500130005203700160006504000120008108200110009310000240010424500770012826000260020527000520023130000210028365000490030465000200035370000220037320170124110126.0 aB-077548 c00.00a8129100894 aB-077548 bCen Lib/Ret aDPLbEN aNbGAN aGangopadhyay, Sunil aThe death trap /cby Sunil Gangopadhyaya ; translated by Kurchi Dasgupta aNew DelhibRupac2003 a7/16, Ansari Road, DaryaganjbNew Delhie110002 a129p. c20cm(Hb) aBengali fiction -- Translations into English aBengali fiction a Dasgupta, Kurchi